[Event "21st Dubai Open 2019"]
[Site "Dubai"]
[Date "2019.04.08"]
[Round "8.29"]
[White "Saif, Malek"]
[Black "Sundararajan, Kidambi"]
[Result "0-1"]
[WhiteElo "2019"]
[BlackElo "2413"]
[Annotator "NA"]
[PlyCount "96"]
[EventDate "2019.04.01"]
[EventType "swiss"]
[EventCountry "UAE"]
[SourceTitle "playchess.com"]
[Source "ChessBase"]
[SourceQuality "1"]
[TimeControl "5400+30"]

1. e4 {[%emt 0:00:00]} e5 {[%emt 0:00:00]} 2. Nf3 {[%emt 0:00:00]} d6 {[%emt 0:00:00]} 3. Bc4 {[%emt 0:00:43]} Be7 {[%emt 0:00:21]} 4. O-O {[%emt 0:01:05]} Nf6 {[%emt 0:00:13]} 5. d3 {[%emt 0:00:12]} O-O {[%emt 0:00:17]} 6. Re1 {[%emt 0:02:29]} c6 {[%emt 0:01:01]} 7. c3 {[%emt 0:00:26] C24: Bishop's Opening: 2...Nf6} Nbd7 {[%emt 0:00:36]} 8. Nbd2 {[%emt 0:00:37]} b5 {[%emt 0:08:15]} 9. Bb3 {[%emt 0:00:07]} a5 {[%emt 0:01:04]} 10. Nf1 {[%emt 0:04:51]} a4 {[%emt 0:00:58]} 11. Bc2 {[%emt 0:00:01]} Re8 {[%emt 0:01:28] LiveBook: 4 Games} 12. d4 {[%emt 0:06:22]} Qc7 {[%emt 0:03:33]} (12... Bf8 13. Ng3 g6 14. h3 Bb7 15. Bg5 h6 16. Be3 {½-½ (55) Zhigalko,S (2652)-Nisipeanu,L (2687) Baku 2016}) 13. Bg5 {[%emt 0:00:51]} h6 {[%emt 0:03:43]} 14. Bh4 {[%emt 0:00:11]} Nf8 $146 {[%emt 0:03:34]} ({Predecessor:} 14... Bf8 15. Bd3 g6 16. Qc2 Bg7 {0-1 (41) Khamisi,S (2279)-Mosadeghpour,M (2475) Teheran 2016}) 15. Bg3 {[%emt 0:05:44]} Ng6 {[%emt 0:00:47]} 16. Ne3 {[%emt 0:00:23]} Bf8 {[%emt 0:02:31]} 17. Rc1 {[%emt 0:12:50]} Be6 {[%emt 0:15:32]} 18. d5 {[%emt 0:04:36]} Bd7 {[%emt 0:01:51]} 19. Nh4 {[%emt 0:07:35]} c5 {[%emt 0:04:16]} 20. Nhf5 {[%emt 0:07:31]} Ne7 {[%emt 0:09:17]} 21. Qf3 {[%emt 0:07:18]} Nxf5 {[%emt 0:00:15]} 22. Nxf5 {[%emt 0:00:03]} Bxf5 {[%emt 0:01:43]} 23. Qxf5 {[%emt 0:00:24]} Qd7 {[%emt 0:02:11]} 24. Qf3 {[%emt 0:01:27]} Qg4 {[%emt 0:02:35]} 25. Qd3 {[%emt 0:05:17]} c4 {[%emt 0:01:15]} 26. Qf1 {[%emt 0:01:43]} Rec8 {[%emt 0:09:52]} 27. a3 {[%emt 0:01:13]} Re8 {[%emt 0:00:28]} 28. Re3 $11 {[%emt 0:04:58]} Be7 {[%emt 0:01:59]} 29. h3 {[%emt 0:03:56]} Qg6 {[%emt 0:02:53]} 30. Rce1 {[%emt 0:03:52]} Nxd5 {[%emt 0:02:49]} 31. R3e2 {[%emt 0:04:18]} Nf6 {[%emt 0:00:18]} 32. Bh2 {[%emt 0:00:16]} Nd7 {[%emt 0:05:56]} 33. f4 {[%emt 0:02:31]} Bd8 {[%emt 0:01:27]} 34. Rd1 {[%emt 0:00:37]} Bb6+ {[%emt 0:03:27]} 35. Kh1 {[%emt 0:00:07]} Bc5 {[%emt 0:01:35]} 36. fxe5 {[%emt 0:06:10]} Nxe5 {[%emt 0:00:08]} 37. Rd5 {[%emt 0:00:10]} Nd3 {[%emt 0:04:21]} 38. Bxd3 {[%emt 0:05:46]} cxd3 {[%emt 0:00:07]} 39. Rxd3 {[%emt 0:00:02]} Rxe4 {[%emt 0:00:30]} 40. Rxe4 {[%emt 0:00:27]} Qxe4 {[%emt 0:00:07]} 41. Bxd6 {[%emt 0:00:08]} Rd8 {[%emt 0:01:00]} 42. Qd1 {[%emt 0:00:01]} Qg6 {[%emt 0:01:03]} 43. c4 {[%emt 0:01:56]} bxc4 {[%emt 0:01:05]} 44. Rd5 {[%emt 0:00:01]} Rxd6 {[%emt 0:00:13]} 45. Qxa4 {[%emt 0:00:13]} Qb1+ {[%emt 0:00:40]} 46. Kh2 {[%emt 0:00:00]} Qg1+ {[%emt 0:00:18]} 47. Kg3 {[%emt 0:00:02]} Rg6+ {[%emt 0:00:22]} 48. Kf4 {[%emt 0:00:44]} Qe3+ {[%emt 0:00:13]} 0-1

[Event "21st Dubai Open 2019"]
[Site "Dubai"]
[Date "2019.04.08"]
[Round "8.30"]
[White "Nitin, S.."]
[Black "Aaryan, Varshney"]
[Result "1-0"]
[WhiteElo "2400"]
[BlackElo "2199"]
[Annotator "NA"]
[PlyCount "119"]
[EventDate "2019.04.01"]
[EventType "swiss"]
[EventCountry "UAE"]
[SourceTitle "playchess.com"]
[Source "ChessBase"]
[SourceQuality "1"]
[TimeControl "5400+30"]

1. e4 {[%emt 0:00:06]} c5 {[%emt 0:00:00]} 2. Nf3 {[%emt 0:00:23]} d6 {[%emt 0:00:00]} 3. d4 {[%emt 0:00:12]} cxd4 {[%emt 0:00:00]} 4. Qxd4 {[%emt 0:00:20]} Nc6 {[%emt 0:00:00]} 5. Qe3 {[%emt 0:00:11]} g6 {[%emt 0:00:02]} 6. Be2 {[%emt 0:00:25] B53: Sicilian: 2...d6: Lines with Qxd4} Bg7 {[%emt 0:00:10]} 7. O-O {[%emt 0:00:37]} Nf6 {[%emt 0:00:06]} 8. h3 {[%emt 0:00:44]} O-O {[%emt 0:00:10]} (8... Nd7 9. Nc3 O-O 10. Rb1 a6 11. Bd2 b5 12. Nd5 e6 {1-0 (57) Harikrishna,P (2733)-Korobov,A (2694) Czech Republic 2019}) 9. Rd1 {[%emt 0:00:18]} Nd7 {[%emt 0:00:14]} 10. Nc3 {[%emt 0:01:49]} b6 {[%emt 0:00:25]} 11. b3 {[%emt 0:00:37]} Bb7 {[%emt 0:00:10]} 12. Bb2 {[%emt 0:00:07]} Rc8 {[%emt 0:00:29]} 13. Rd2 $146 {[%emt 0:08:29]} a6 {[%emt 0:06:53]} 14. Nd1 {[%emt 0:01:21]} b5 {[%emt 0:03:34]} 15. Bxg7 {[%emt 0:00:17]} Kxg7 {[%emt 0:00:04]} 16. c4 {[%emt 0:01:25]} bxc4 {[%emt 0:13:23]} 17. Bxc4 {[%emt 0:00:52]} Qb6 {[%emt 0:00:51]} 18. Bd5 {[%emt 0:11:11]} Qxe3 {[%emt 0:07:31]} 19. Nxe3 {[%emt 0:00:33]} Nf6 {[%emt 0:01:18]} 20. Nd4 {[%emt 0:04:28]} Nxd5 {[%emt 0:01:55]} 21. exd5 {[%emt 0:01:51]} Nxd4 {[%emt 0:13:06]} 22. Rxd4 {[%emt 0:00:19]} Rc5 {[%emt 0:00:49]} 23. b4 {[%emt 0:06:24]} Rc3 {[%emt 0:00:52]} 24. a4 {[%emt 0:04:33]} Rfc8 {[%emt 0:07:30]} 25. Rb1 {[%emt 0:01:49]} f5 {[%emt 0:02:29]} 26. Kh2 {[%emt 0:03:18]} Kf6 {[%emt 0:02:59]} 27. Re1 {[%emt 0:06:46]} Ra3 {[%emt 0:05:37]} (27... h5 $17) 28. g4 {[%emt 0:06:34]} Rcc3 {[%emt 0:21:39]} 29. gxf5 $11 {[%emt 0:02:00]} gxf5 {[%emt 0:00:25]} 30. Rh4 {[%emt 0:13:32]} Bc8 {[%emt 0:07:56]} 31. a5 {[%emt 0:04:00]} Rab3 {[%emt 0:02:27]} 32. Rg1 {[%emt 0:02:15]} h5 {[%emt 0:01:14]} 33. Rxh5 {[%emt 0:03:19]} Rxb4 {[%emt 0:00:47]} 34. Rh6+ {[%emt 0:00:43]} Ke5 {[%emt 0:00:56]} 35. Rg7 {[%emt 0:01:37]} Rc7 {[%emt 0:00:41]} 36. Rh5 {[%emt 0:03:27]} Rf4 {[%emt 0:00:43]} 37. Kg3 {[%emt 0:01:25]} Ra4 {[%emt 0:00:13]} 38. Rf7 {[%emt 0:01:52]} Rxa5 {[%emt 0:00:47]} 39. Nxf5 {[%emt 0:01:06]} Bxf5 {[%emt 0:00:17]} 40. Rhxf5+ {[%emt 0:02:38]} Kd4 {[%emt 0:00:13]} 41. h4 {[%emt 0:00:27]} Rxd5 {[%emt 0:00:23]} 42. Rxd5+ {[%emt 0:00:17]} Kxd5 {[%emt 0:00:02]} 43. h5 {[%emt 0:00:09]} Ke6 {[%emt 0:00:45]} 44. Rf4 {[%emt 0:00:05]} Rc8 {[%emt 0:00:56]} 45. Kh4 {[%emt 0:00:06]} Ke5 {[%emt 0:00:54]} 46. Rf7 {[%emt 0:00:25]} Ke6 {[%emt 0:00:23]} 47. Rf3 {[%emt 0:00:06]} Rc1 {[%emt 0:00:38]} 48. h6 {[%emt 0:00:24]} Rh1+ {[%emt 0:00:14]} 49. Kg5 {[%emt 0:00:06]} Rg1+ {[%emt 0:00:48]} 50. Kh5 {[%emt 0:00:09]} Rh1+ {[%emt 0:00:19]} 51. Kg6 {[%emt 0:00:04]} Ke5 {[%emt 0:00:39]} 52. h7 {[%emt 0:00:15]} e6 {[%emt 0:00:29]} 53. Kg7 {[%emt 0:01:26]} Kd4 {[%emt 0:00:16]} 54. Rf6 {[%emt 0:00:56]} Rxh7+ {[%emt 0:00:04]} 55. Kxh7 {[%emt 0:00:03]} Kd5 {[%emt 0:00:18]} 56. Kg6 {[%emt 0:00:11]} a5 {[%emt 0:00:02]} 57. Kf7 {[%emt 0:00:21]} a4 {[%emt 0:00:13]} 58. Rf4 {[%emt 0:00:46]} e5 {[%emt 0:00:11]} 59. Rxa4 {[%emt 0:00:05]} Kc5 {[%emt 0:00:10]} 60. Ke6 {[%emt 0:00:05] Kd5+} 1-0

[Event "21st Dubai Open 2019"]
[Site "Dubai"]
[Date "2019.04.08"]
[Round "8.31"]
[White "Essa, Naseem Ahmed"]
[Black "Hedman, Erik"]
[Result "0-1"]
[WhiteElo "1823"]
[BlackElo "2385"]
[Annotator "NA"]
[PlyCount "42"]
[EventDate "2019.04.01"]
[EventType "swiss"]
[EventCountry "UAE"]
[SourceTitle "playchess.com"]
[Source "ChessBase"]
[SourceQuality "1"]
[TimeControl "5400+30"]

1. e4 {[%emt 0:00:00]} c6 {[%emt 0:00:00]} 2. d4 {[%emt 0:00:00]} d5 {[%emt 0:00:00]} 3. exd5 {[%emt 0:00:00]} cxd5 {[%emt 0:00:00]} 4. Bd3 {[%emt 0:00:00]} Nc6 {[%emt 0:00:04]} 5. c3 {[%emt 0:00:04]} Qc7 {[%emt 0:00:06]} 6. Ne2 {[%emt 0:00:11]} Bg4 {[%emt 0:04:50]} 7. O-O {[%emt 0:00:12]} e6 {[%emt 0:00:31]} 8. Qe1 {[%emt 0:00:07]} Bxe2 {[%emt 0:03:46]} 9. Qxe2 {[%emt 0:00:16]} Nf6 {[%emt 0:00:49]} 10. Nd2 {[%emt 0:34:54]} Bd6 {[%emt 0:01:06]} 11. Nf3 {[%emt 0:00:30]} O-O {[%emt 0:04:13]} 12. Bg5 {[%emt 0:09:32]} Nd7 {[%emt 0:00:47]} 13. Qc2 {[%emt 0:00:58]} h6 {[%emt 0:04:02]} 14. Bd2 {[%emt 0:20:46]} Rab8 $14 {[%emt 0:05:14]} 15. Qc1 {[%emt 0:03:10]} Nf6 {[%emt 0:17:08]} 16. Bxh6 {[%emt 0:08:50]} Ng4 {[%emt 0:00:41]} 17. Bxg7 {[%emt 0:10:56]} Bxh2+ {[%emt 0:00:25]} 18. Kh1 {[%emt 0:00:04]} Bf4 {[%emt 0:00:35]} 19. Be5 {[%emt 0:00:04]} Qxe5 {[%emt 0:21:12]} 20. dxe5 {[%emt 0:02:07]} Bxc1 {[%emt 0:00:06]} 21. Raxc1 {[%emt 0:00:04]} Ncxe5 {[%emt 0:00:00]} 0-1

[Event "21st Dubai Open 2019"]
[Site "Dubai"]
[Date "2019.04.08"]
[Round "8.32"]
[White "Saurabh Anand"]
[Black "Chekh Adm Khedr, Aram"]
[Result "1/2-1/2"]
[WhiteElo "2385"]
[BlackElo "2146"]
[Annotator "NA"]
[PlyCount "66"]
[EventDate "2019.04.01"]
[EventType "swiss"]
[EventCountry "UAE"]
[SourceTitle "playchess.com"]
[Source "ChessBase"]
[SourceQuality "1"]
[TimeControl "5400+30"]

1. e4 {[%emt 0:00:00]} e5 {[%emt 0:02:46]} 2. Nf3 {[%emt 0:00:00]} Nc6 {[%emt 0:00:05]} 3. d4 {[%emt 0:00:33]} exd4 {[%emt 0:01:39]} 4. Nxd4 {[%emt 0:00:13]} Nf6 {[%emt 0:01:52]} 5. Nxc6 {[%emt 0:00:12]} bxc6 {[%emt 0:00:04]} 6. e5 {[%emt 0:00:10]} Qe7 {[%emt 0:00:05]} 7. Qe2 {[%emt 0:00:07]} Nd5 {[%emt 0:00:05]} 8. c4 {[%emt 0:00:09]} Ba6 {[%emt 0:00:05]} 9. Nd2 {[%emt 0:00:13]} g6 {[%emt 0:12:13]} 10. Nf3 {[%emt 0:02:23] C45: Scotch Game} Bg7 {[%emt 0:01:45]} (10... Qb4+ 11. Kd1 Ne7 12. Bg5 Bg7 13. Qd2 c5 14. Qxb4 cxb4 15. Bd3 h6 16. Bxe7 Kxe7 17. Re1 Rhe8 {1-0 (52) Huschenbeth,N (2586)-Anton Guijarro,D (2649) Germany 2019}) 11. Bg5 {[%emt 0:00:57]} Qb4+ {[%emt 0:02:01]} 12. Qd2 {[%emt 0:09:14]} Qxd2+ {[%emt 0:01:18]} 13. Kxd2 {[%emt 0:00:19]} Nb6 {[%emt 0:00:20]} 14. c5 {[%emt 0:03:46]} Bxf1 {[%emt 0:01:03]} 15. Rhxf1 {[%emt 0:00:05]} Nd5 {[%emt 0:05:06]} 16. Rac1 {[%emt 0:00:35]} Rb8 {[%emt 0:01:00]} 17. b3 {[%emt 0:00:18]} O-O {[%emt 0:02:12]} 18. Rc4 $146 {[%emt 0:01:20]} Rfe8 {[%emt 0:04:44]} 19. Re1 {[%emt 0:01:00]} a5 {[%emt 0:05:23]} 20. Re2 {[%emt 0:17:37]} h6 {[%emt 0:08:19]} 21. Bh4 {[%emt 0:03:03]} Rb4 {[%emt 0:00:49]} 22. Bg3 {[%emt 0:03:32]} Reb8 $15 {[%emt 0:08:39]} 23. Ree4 {[%emt 0:00:16]} Re8 {[%emt 0:00:44]} 24. Re2 {[%emt 0:00:04]} Reb8 {[%emt 0:00:03]} 25. Ree4 {[%emt 0:00:07]} Re8 {[%emt 0:00:07]} 26. Re2 {[%emt 0:00:04]} Reb8 {[%emt 0:00:05]} 27. Bh4 Re8 28. Bg3 Reb8 29. Ree4 Re8 30. Re2 Reb8 31. Ree4 Re8 32. Re2 Rxc4 33. bxc4 Nb4 1/2-1/2

[Event "21st Dubai Open 2019"]
[Site "Dubai"]
[Date "2019.04.08"]
[Round "8.33"]
[White "Assaubayeva, Bibisara"]
[Black "Sri Sai Baswanth P"]
[Result "1-0"]
[WhiteElo "2381"]
[BlackElo "2018"]
[Annotator "NA"]
[PlyCount "105"]
[EventDate "2019.04.01"]
[EventType "swiss"]
[EventCountry "UAE"]
[SourceTitle "playchess.com"]
[Source "ChessBase"]
[SourceQuality "1"]
[TimeControl "5400+30"]

1. d4 Nf6 {[%emt 0:05:00]} 2. c4 {[%emt 0:00:19]} c5 {[%emt 0:00:08]} 3. d5 {[%emt 0:00:06]} e6 {[%emt 0:00:08]} 4. Nc3 {[%emt 0:00:07]} exd5 {[%emt 0:00:09]} 5. cxd5 {[%emt 0:00:05]} d6 {[%emt 0:00:03]} 6. Nf3 {[%emt 0:00:09]} g6 {[%emt 0:00:05]} 7. Bf4 {[%emt 0:00:09]} a6 {[%emt 0:01:08]} 8. a4 {[%emt 0:02:08]} Bg7 {[%emt 0:00:51]} 9. h3 {[%emt 0:00:10]} O-O {[%emt 0:00:36]} 10. e3 {[%emt 0:00:08]} Ne8 {[%emt 0:05:50] A61: Modern Benoni: Nf3 without early e4} (10... Qe7 11. Bd3 Nbd7 12. O-O Ne8 13. e4 Rb8 14. Re1 Nc7 15. Qd2 Ne5 16. Nxe5 Bxe5 17. Bxe5 Qxe5 18. a5 {1-0 (42) Akobian,V (2647)-Ponkratov,P (2613) Riadh 2017}) 11. Be2 {[%emt 0:01:57]} Nd7 {[%emt 0:00:14]} 12. O-O {[%emt 0:01:30]} Ne5 {[%emt 0:01:59]} 13. Nd2 {[%emt 0:04:18]} f5 {[%emt 0:10:09]} 14. Bh2 {[%emt 0:01:38]} Bd7 {[%emt 0:03:05]} 15. a5 $146 {[%emt 0:05:03]} ({Predecessor:} 15. f4 Nf7 16. e4 fxe4 17. Ndxe4 Nc7 18. Bg4 {½-½ (85) Muradli,M (2334)-Tutisani,N (2383) Batumi 2017}) 15... Bb5 {[%emt 0:07:26]} 16. Qb3 {[%emt 0:06:16]} Bxe2 {[%emt 0:03:58]} 17. Nxe2 {[%emt 0:01:28]} Rb8 {[%emt 0:02:53]} 18. Bxe5 {[%emt 0:07:26]} Bxe5 {[%emt 0:03:18]} 19. Nc4 {[%emt 0:01:35]} Qe7 $14 {[%emt 0:03:26]} 20. Rad1 {[%emt 0:05:36]} Nc7 {[%emt 0:05:04]} 21. Nc3 {[%emt 0:02:53]} Rfe8 {[%emt 0:10:39]} 22. Rfe1 {[%emt 0:07:50]} h6 {[%emt 0:05:09]} 23. Nxe5 {[%emt 0:10:46]} Qxe5 {[%emt 0:00:11]} 24. f4 {[%emt 0:01:42]} Qf6 {[%emt 0:01:03]} 25. e4 {[%emt 0:09:55]} fxe4 {[%emt 0:01:16]} 26. Nxe4 {[%emt 0:02:31]} Qxf4 {[%emt 0:00:18]} 27. Qd3 {[%emt 0:00:50]} Nb5 {[%emt 0:10:04]} 28. Re3 {[%emt 0:03:46]} Kg7 {[%emt 0:02:28]} 29. Kh1 {[%emt 0:04:01]} Rf8 {[%emt 0:01:23]} 30. Rg3 {[%emt 0:04:54]} Qf5 {[%emt 0:02:31]} 31. Rf3 {[%emt 0:04:19]} Qe5 {[%emt 0:00:07]} 32. Rg3 {[%emt 0:00:26]} Rf5 {[%emt 0:01:15]} 33. Re3 {[%emt 0:03:54]} Qxb2 {[%emt 0:08:35]} 34. Ng3 {[%emt 0:03:24]} Re5 {[%emt 0:01:31]} 35. Rf3 {[%emt 0:00:17]} Nd4 {[%emt 0:00:44]} 36. Rf4 {[%emt 0:00:42]} Ne2 {[%emt 0:02:36]} 37. Rf2 {[%emt 0:00:49]} Rbe8 {[%emt 0:01:29]} 38. Rdf1 {[%emt 0:01:20]} R8e7 {[%emt 0:01:05]} 39. Rf6 {[%emt 0:02:18]} Nxg3+ {[%emt 0:00:55]} 40. Qxg3 {[%emt 0:00:02]} Rg5 {[%emt 0:00:07]} 41. Qf3 {[%emt 0:00:03]} Qe5 {[%emt 0:00:42]} 42. Re6 {[%emt 0:01:27]} Rf5 {[%emt 0:00:49]} 43. Rxe5 {[%emt 0:00:10]} Rexe5 {[%emt 0:00:04]} 44. Qd1 {[%emt 0:00:08]} Rxd5 {[%emt 0:00:11]} 45. Qa1+ {[%emt 0:00:07]} Kh7 {[%emt 0:00:31]} 46. g4 {[%emt 0:00:52]} Rxf1+ 47. Qxf1 {[%emt 0:00:01]} Kg7 {[%emt 0:00:29]} 48. Qf3 {[%emt 0:00:06]} Rd4 {[%emt 0:00:14]} 49. Qxb7+ {[%emt 0:00:07]} Kf6 {[%emt 0:00:02]} 50. Qxa6 {[%emt 0:00:13]} c4 {[%emt 0:00:13]} 51. Qc6 {[%emt 0:00:14]} Kg5 {[%emt 0:00:11]} 52. a6 {[%emt 0:00:23]} Kh4 {[%emt 0:00:30]} 53. a7 {[%emt 0:00:37]} 1-0

[Event "21st Dubai Open 2019"]
[Site "Dubai"]
[Date "2019.04.08"]
[Round "8.34"]
[White "Rathnakaran, K.."]
[Black "San Diego, Jerlyn Mae"]
[Result "1/2-1/2"]
[WhiteElo "2351"]
[BlackElo "1836"]
[Annotator "NA"]
[PlyCount "104"]
[EventDate "2019.04.01"]
[EventType "swiss"]
[EventCountry "UAE"]
[SourceTitle "playchess.com"]
[Source "ChessBase"]
[SourceQuality "1"]
[TimeControl "5400+30"]

1. e4 {[%emt 0:00:00]} c5 {[%emt 0:00:00]} 2. Nf3 {[%emt 0:00:00]} g6 {[%emt 0:00:00]} 3. h4 {[%emt 0:00:00]} h5 {[%emt 0:02:34]} (3... h6 4. Bc4 Nc6 5. d3 Bg7 6. Nc3 a6 7. a3 e6 8. Ba2 Nge7 9. Bf4 d6 10. Qd2 b5 11. Nd1 {0-1 (57) Moussard,J (2605)-Lagarde,M (2604) chess.com INT 2019}) 4. c3 {[%emt 0:00:00]} Bg7 {[%emt 0:00:20]} 5. d4 {[%emt 0:00:00]} cxd4 {[%emt 0:00:21]} 6. cxd4 {[%emt 0:00:00] B27: Sicilian: 2 Nf3, unusual Black 2nd moves} d5 {[%emt 0:00:11]} 7. e5 {[%emt 0:00:08]} Nc6 {[%emt 0:00:35]} 8. Nc3 {[%emt 0:00:04]} Bg4 {[%emt 0:02:15]} 9. Qb3 $146 {[%emt 0:01:05]} ({Predecessor:} 9. Be3 Qd7 10. Be2 Nh6 11. Qb3 Rd8 12. Ng5 {½-½ (48) Blit,J (2337)-Lupis,F (1983) Villa Martelli 2014}) 9... Bxf3 {[%emt 0:01:16]} 10. gxf3 {[%emt 0:00:04]} Nxd4 {[%emt 0:00:41]} 11. Qa4+ {[%emt 0:00:19]} Nc6 {[%emt 0:00:16]} 12. e6 {[%emt 0:00:05]} fxe6 {[%emt 0:06:12]} 13. Bd3 {[%emt 0:00:27]} Qa5 {[%emt 0:05:12]} 14. Bxg6+ {[%emt 0:00:08]} Kd7 {[%emt 0:00:35]} 15. Qxa5 {[%emt 0:04:03]} Nxa5 {[%emt 0:00:08]} 16. Ne2 {[%emt 0:00:03]} Nc6 {[%emt 0:13:47]} 17. Ng3 {[%emt 0:00:21]} Nf6 {[%emt 0:00:49]} 18. f4 {[%emt 0:02:09]} e5 {[%emt 0:03:33]} 19. f5 {[%emt 0:00:18]} Nd4 {[%emt 0:00:33]} 20. Kd1 {[%emt 0:01:21]} Rac8 {[%emt 0:02:33]} 21. Rf1 {[%emt 0:06:32]} (21. Be3 $142) 21... Nf3 {[%emt 0:01:53]} 22. Bg5 {[%emt 0:02:47]} Rc4 {[%emt 0:02:24]} 23. Bxf6 {[%emt 0:12:50]} Bxf6 {[%emt 0:00:46]} 24. Bxh5 {[%emt 0:00:06]} Nxh4 {[%emt 0:00:32]} 25. Bf7 {[%emt 0:01:10]} Kd6 {[%emt 0:02:34]} 26. b3 {[%emt 0:00:28]} Rd4+ {[%emt 0:00:27]} 27. Ke2 {[%emt 0:00:35]} Ng2 {[%emt 0:04:12]} 28. Rad1 {[%emt 0:01:01]} Nf4+ {[%emt 0:00:54]} 29. Kf3 {[%emt 0:02:14]} Rxd1 {[%emt 0:03:39]} 30. Rxd1 {[%emt 0:02:31]} Rf8 {[%emt 0:01:09] [#]} 31. Bxd5 $1 {[%emt 0:00:16]} Nxd5 {[%emt 0:04:58]} 32. Ke4 {[%emt 0:00:04]} e6 {[%emt 0:00:22]} 33. fxe6 {[%emt 0:00:05]} Kxe6 {[%emt 0:02:05]} 34. Rxd5 {[%emt 0:00:07]} Rc8 {[%emt 0:06:52]} 35. Rd2 {[%emt 0:07:26]} Bg5 {[%emt 0:03:55]} 36. Re2 {[%emt 0:00:10]} b5 {[%emt 0:03:12]} 37. Nf5 {[%emt 0:02:53]} a5 {[%emt 0:03:06]} 38. Ne3 {[%emt 0:02:48]} Bxe3 {[%emt 0:05:29]} 39. fxe3 {[%emt 0:00:17]} a4 $11 {[%emt 0:01:21]} 40. Rh2 {[%emt 0:00:37]} axb3 {[%emt 0:01:21]} 41. axb3 {[%emt 0:00:05]} Rc3 {[%emt 0:00:50]} 42. Rh6+ {[%emt 0:00:16]} Kd7 {[%emt 0:00:46]} 43. b4 {[%emt 0:00:14]} Rc4+ {[%emt 0:00:51]} 44. Kxe5 {[%emt 0:00:08]} Rxb4 {[%emt 0:00:04]} 45. Rh7+ {[%emt 0:00:44]} Kc6 {[%emt 0:00:36]} 46. e4 {[%emt 0:00:17]} Rb1 {[%emt 0:00:20]} 47. Rh8 {[%emt 0:00:22]} b4 {[%emt 0:00:45]} 48. Rb8 {[%emt 0:01:46]} Kc5 {[%emt 0:01:47]} 49. Rc8+ {[%emt 0:01:15]} Kb5 {[%emt 0:00:15]} 50. Rb8+ {[%emt 0:00:28]} Kc5 {[%emt 0:01:53]} 51. Rc8+ {[%emt 0:00:07]} Kb5 {[%emt 0:00:10]} 52. Rb8+ {[%emt 0:00:05]} Kc5 {[%emt 0:00:07]} 1/2-1/2

[Event "21st Dubai Open 2019"]
[Site "Dubai"]
[Date "2019.04.08"]
[Round "8.35"]
[White "Venkatesh, M.R."]
[Black "Mohannad, Farhan"]
[Result "1/2-1/2"]
[WhiteElo "2517"]
[BlackElo "2183"]
[Annotator "ChessBase"]
[PlyCount "81"]
[EventDate "2019.04.01"]
[EventType "swiss"]
[EventCountry "UAE"]
[SourceTitle "playchess.com"]
[Source "ChessBase"]
[SourceQuality "1"]
[TimeControl "5400+30"]

1. e4 {[%emt 0:00:00]} g6 {[%emt 0:00:00]} 2. d4 {[%emt 0:00:00]} Bg7 {[%emt 0:00:07]} 3. Nc3 {[%emt 0:00:10]} d6 {[%emt 0:00:06]} 4. Be3 {[%emt 0:00:29]} Nf6 {[%emt 0:00:14]} 5. Nf3 {[%emt 0:01:11]} O-O {[%emt 0:00:14]} 6. Qd2 {[%emt 0:01:41]} c6 {[%emt 0:00:13]} 7. Bd3 {[%emt 0:00:38]} Qc7 {[%emt 0:00:16]} 8. Bh6 {[%emt 0:00:40]} e5 {[%emt 0:00:31]} 9. dxe5 {[%emt 0:00:50]} dxe5 {[%emt 0:00:05]} 10. Ne2 {[%emt 0:01:17]} Nbd7 {[%emt 0:01:50]} 11. Ng3 {[%emt 0:04:04]} Nc5 {[%emt 0:03:15]} 12. Bxg7 {[%emt 0:04:02]} Kxg7 {[%emt 0:00:14]} 13. Qc3 {[%emt 0:01:25]} Nxd3+ {[%emt 0:01:53]} 14. cxd3 {[%emt 0:00:11]} Re8 {[%emt 0:01:52]} 15. O-O {[%emt 0:00:26]} Bg4 {[%emt 0:04:37]} 16. Ne1 {[%emt 0:03:27]} Rad8 {[%emt 0:08:23]} 17. Nc2 {[%emt 0:04:42]} h5 {[%emt 0:01:31]} 18. f3 {[%emt 0:01:19]} h4 {[%emt 0:04:15]} 19. Ne2 {[%emt 0:02:22]} Bc8 {[%emt 0:00:06]} 20. h3 {[%emt 0:00:58]} b6 {[%emt 0:05:07]} 21. Rad1 {[%emt 0:21:01]} c5 {[%emt 0:12:16]} 22. f4 {[%emt 0:10:35]} Ba6 {[%emt 0:04:11]} 23. Nb4 {[%emt 0:00:52]} Bb5 {[%emt 0:00:32]} 24. f5 {[%emt 0:00:57]} Qe7 {[%emt 0:20:01]} 25. Nd5 {[%emt 0:01:56]} Nxd5 {[%emt 0:00:03]} 26. exd5 {[%emt 0:00:07]} Qg5 {[%emt 0:00:04]} 27. fxg6 {[%emt 0:17:17]} Kxg6 {[%emt 0:11:51]} 28. Rf3 {[%emt 0:03:28]} Rxd5 {[%emt 0:02:29]} 29. Rdf1 {[%emt 0:03:08]} Rd7 {[%emt 0:01:09]} 30. Kh2 {[%emt 0:11:24]} Bc6 {[%emt 0:03:12]} 31. R3f2 {[%emt 0:00:02]} Red8 {[%emt 0:01:35]} 32. Qc4 {[%emt 0:01:13]} Bd5 {[%emt 0:01:06]} 33. Qa4 {[%emt 0:00:02]} Be6 {[%emt 0:02:15]} 34. Nc3 {[%emt 0:01:50]} f5 {[%emt 0:02:45]} 35. Rf3 {[%emt 0:01:47]} a5 {[%emt 0:04:57]} 36. Qb5 {[%emt 0:01:48]} Rd6 {[%emt 0:00:07]} 37. R1f2 {[%emt 0:00:28]} Bd7 {[%emt 0:01:01]} 38. Qb3 {[%emt 0:00:03]} Be6 {[%emt 0:00:28]} 39. Qb5 {[%emt 0:00:41]} Bd7 {[%emt 0:00:06]} 40. Qb3 {[%emt 0:00:30]} Be6 {[%emt 0:00:03]} 41. Qb5 {[%emt 0:00:31]} 1/2-1/2